000 00823nam a2200253 i 4500
001 186099
003 SpMaBN
005 20250728110245.0
008 160908s1977 sp |||| | spa d
020 _a84-350-0162-8
080 _a21
100 1 _aHuxley, Aldous,
_d1894-1963
_964858
245 1 3 _aLa filosofía perenne /
_cAldous Huxley ; traducción de C.A. Jordana.
260 _aBarcelona :
_bEdhasa,
_c[1977]
300 _a376 p. ;
_c18 cm.
490 1 _aPocket-Edhasa ;
_v6
504 _aBibliografía: p. 371-[376]
650 4 _aReligión-
_xFilosofía
_916799
650 0 7 _aReligión y filosofía
_2embne
_916811
700 1 _aJordana, César-August.
_966928
830 0 _aPocket-Edhasa ;
_v6
_9180347
852 _aES-MaACL
_jL-30647
_z. - Donat. Miguel A. Velasco
999 _c186099
_d186099